1445 1585 1999 1412 1331 1078 1328 1823 1771 1933 1726 1191 1388 1542 1841 1870 1887 1938 1631 1139 1633 1077 1679 1117 1238 1849 1900 1257 1825 1053 1602 1952 1379 1375 1239 1972 1732 1832 1950 1861 2000 1151 1749 1187 1209 1240 1165 1301 1080 1553 1190 1191 1574 1333 1973 1711 1903 1871 1272 1226 1300 1293 1658 1009 1270 1058 1087 1383 1273 1184 1910 1218 1758 1465 1148 1511 1157 1914 1398 1554 1485 1128 1863 1234 1227 1383 1313 1950 1690 1099 1105 1286 1414 1078 1122 1479 1245 1181 1118 BCNSPRNW ULIB Ver.6.0+V

เปลี่ยนเป็นภาษาไทย

Change to English
 แสดงรายละเอียดบรรณานุกรม
  กลับหน้าหลัก

Brief Record : Get Marc (ISO 2709) : E-mail record : QR code < ปิดหน้าต่าง
LEADER : 00000nam 2200000uu 4500
001    13399108953
003     ULIB
008    110317s2544||||th 000 0 tha d
020    9745747726
060 04 WA30^bว369ส 2544
100 0  วสุธร ตันวัฒนกุล
245 10 สุขภาพกับคุณภาพชีวิต :^bเส้นทางที่ต้องร่วมกันพัฒนา /^cวสุธร ตันวัฒนกุล
250    พิมพ์ครั้งที่ 3
260    ชลบุรี :^bคณะสาธารณสุขศาสตร์ มหาวิทยาลัยบูรพา,^c2544
300    ก-ญ, 106 หน้า ;^c27 ซม.
500    พิมพ์ครั้งที่ 2 (ปรับปรุงเนื้อหา) พ.ศ.2543
650  7 การส่งเสริมสุขภาพ
650  7 คุณภาพชีวิต
650  7 สาธารณสุข, การบริหาร
710 2  มหาวิทยาลัยบูรพา. ^bคณะสาธารณสุขศาสตร์
945    ^p100^l0^i014048
945    ^p100^l0^i014046
945    ^p100^l0^i014047
995    ทศพร
999 ^a ใช้งานได้ทุกระบบ
รายการนี้ยังไม่มีแท็ก
คุณยังไม่ได้ล็อกอิน คุณสามารถมีกิจกรรมร่วมกับเว็บไซต์ได้ แต่ต้องล็อกอินก่อน ::
  ล็อกอิน

รายการสื่อสารสนเทศ

ลำดับที่ ประเภท เลขเรียก/บาร์โค้ด สถานที่ สถานะ
- ไม่พบข้อมูล -

รายการใกล้เคียง
    ผู้แต่ง [วสุธร ตันวัฒนกุล]

    หัวเรื่อง [การส่งเสริมสุขภาพ]
    หัวเรื่อง [คุณภาพชีวิต]
    หัวเรื่อง [สาธารณสุข, การบริหาร]

BibComment


ยังไม่เคยถูกคอมเมนท์

คอมเมนท์ทรัพยากรรายการนี้
  คอมเมนท์: สุขภาพกับคุณภาพชี..


 Copyright 2026. Bcnsprnw @Library